[Event "Penang op-A 14th"]
[Site "Penang"]
[Date "2022.12.23"]
[Round "8"]
[White "Theofilus, Kevin"]
[Black "Lee, Jing Xi Jonathan"]
[Result "1-0"]
[WhiteElo "1329"]
[BlackElo "1731"]
[PlyCount "35"]
[EventDate "2022.12.19"]
[EventType "swiss"]
[EventRounds "9"]
[EventCountry "MAS"]
[SourceTitle "CBM 211 Extra"]
[Source "ChessBase"]
[SourceDate "2023.01.31"]
[SourceVersion "1"]
[SourceVersionDate "2023.01.31"]
[SourceQuality "1"]

1. d4 e6 2. Bf4 c5 3. e3 Qb6 4. Nc3 Nf6 5. a3 d5 6. Nf3 Ne4 7. Nxe4 dxe4 8. dxc5 Qxb2 9. Rb1 Qc3+ 10. Nd2 a6 11. Bxb8 Rxb8 12. Bxa6 Bxc5 13. Bb5+ Ke7 14. Rb3 Qa5 15. Qg4 Rd8 16. Qg5+ Kd6 17. 0-0 Qxd2 18. Qxd8+ 1-0

[Event "Penang op-A 14th"]
[Site "Penang"]
[Date "2022.12.21"]
[Round "5"]
[White "Foo, Jiu Weir Brien"]
[Black "Theofilus, Kevin"]
[Result "1-0"]
[WhiteElo "1773"]
[BlackElo "1329"]
[PlyCount "89"]
[EventDate "2022.12.19"]
[EventType "swiss"]
[EventRounds "9"]
[EventCountry "MAS"]
[SourceTitle "CBM 211 Extra"]
[Source "ChessBase"]
[SourceDate "2023.01.31"]
[SourceVersion "1"]
[SourceVersionDate "2023.01.31"]
[SourceQuality "1"]

1. d4 d5 2. c4 e6 3. Nc3 Nf6 4. Bg5 Be7 5. cxd5 exd5 6. e3 c6 7. Bd3 0-0 8. Qc2 Nbd7 9. Nf3 Re8 10. 0-0 Ne4 11. Bxe4 Bxg5 12. Bxh7+ Kh8 13. Bf5 Qf6 14. Ne2 Nf8 15. Ng3 g6 16. Bd3 Bh6 17. e4 dxe4 18. Nxe4 Qf4 19. Ne5 f5 20. g3 fxe4 21. gxf4 exd3 22. Qxd3 Bf5 23. Qg3 Kg7 24. Ng4 Bxg4 25. Qxg4 Re4 26. Rfe1 Rae8 27. Rxe4 Rxe4 28. Qc8 Re7 29. Kf1 Bxf4 30. Re1 Rd7 31. Re8 Rf7 32. Qd8 Bc7 33. Qg5 Bf4 34. Qh4 Bd6 35. Qe4 Nh7 36. Re6 Nf6 37. Qe2 Bf8 38. Qe5 Bb4 39. a3 Bf8 40. h4 b6 41. h5 c5 42. h6+ Kh7 43. Rxf6 Re7 44. Qxe7+ Bxe7 45. Rf7+ 1-0

[Event "Bekasi Scua op 2nd"]
[Site "Bekasi"]
[Date "2022.04.15"]
[Round "4"]
[White "Theofilus, Kevin"]
[Black "Afdimar"]
[Result "1-0"]
[WhiteElo "1231"]
[BlackElo "1858"]
[PlyCount "73"]
[EventDate "2022.04.13"]
[EventType "swiss"]
[EventRounds "9"]
[EventCountry "INA"]
[SourceTitle "EXT 2023"]
[Source "ChessBase"]
[SourceDate "2022.10.05"]
[SourceVersion "1"]
[SourceVersionDate "2022.10.05"]
[SourceQuality "1"]

1. d4 Nf6 2. Bf4 c5 3. e3 d6 4. dxc5 Qa5+ 5. c3 Qxc5 6. Nf3 Bg4 7. Be2 Nbd7 8. Nbd2 e6 9. h3 Bh5 10. Nb3 Qb6 11. Nfd2 Bxe2 12. Qxe2 Rd8 13. 0-0 Nc5 14. Rfd1 Be7 15. Nc4 Qc7 16. Nxd6+ Bxd6 17. Qb5+ Ke7 18. Bxd6+ Rxd6 19. Qxc5 Qxc5 20. Nxc5 Rb6 21. b4 Rc8 22. Rd3 a5 23. a3 Ra8 24. Na4 Rc6 25. b5 Rc7 26. Rad1 Re8 27. Nb6 h5 28. c4 g6 29. e4 e5 30. Rd6 Rc5 31. Rxf6 Kxf6 32. Nd7+ Kg7 33. Nxc5 Rc8 34. Nxb7 Rxc4 35. Nxa5 Ra4 36. b6 Rxa5 37. Rb1 1-0

[Event "Bekasi Scua op 1st"]
[Site "Bekasi"]
[Date "2022.01.13"]
[Round "3"]
[White "Hasbi, Subagyo Putra"]
[Black "Theofilus, Kevin"]
[Result "0-1"]
[WhiteElo "1751"]
[BlackElo "1135"]
[PlyCount "102"]
[EventDate "2022.01.12"]
[EventType "swiss"]
[EventRounds "9"]
[EventCountry "INA"]
[SourceTitle "CBM 206 Extra"]
[Source "ChessBase"]
[SourceDate "2022.03.31"]
[SourceVersion "1"]
[SourceVersionDate "2022.03.31"]
[SourceQuality "1"]

1. e4 c6 2. d4 d5 3. exd5 cxd5 4. Bd3 Nc6 5. c3 Nf6 6. h3 g6 7. Ne2 Bf5 8. Bxf5 gxf5 9. Bf4 e6 10. Qc2 Rg8 11. g3 Bd6 12. Nd2 Rc8 13. Rg1 Bxf4 14. Nxf4 Nxd4 15. Qa4+ Nc6 16. Ne2 Ne4 17. Nxe4 fxe4 18. Nd4 Qd7 19. 0-0-0 Nxd4 20. Qxd4 b6 21. Rge1 Qc7 22. Qa4+ Qc6 23. Qd4 Qc5 24. Qf6 Qe7 25. Qd4 Rc4 26. Qd2 Qg5 27. Re3 Ke7 28. h4 Qf6 29. Qe2 Rgc8 30. f3 Qf5 31. Rf1 d4 32. fxe4 Qb5 33. Qf3 f5 34. exf5 dxe3 35. Qxe3 Rxc3+ 36. bxc3 Qxf1+ 37. Kb2 Qxf5 38. Qd4 Rc5 39. Qg7+ Kd6 40. Qd4+ Kc7 41. Qg7+ Kc6 42. Qe7 Rb5+ 43. Kc1 Rb1+ 44. Kd2 Rb2+ 45. Ke3 Qf2+ 46. Ke4 Re2+ 47. Kd3 Qe3+ 48. Kc4 Qe4+ 49. Kb3 Qc2+ 50. Kb4 a5+ 51. Kc4 Re4# 0-1

[Event "Bekasi Scua op 1st"]
[Site "Bekasi"]
[Date "2022.01.12"]
[Round "1"]
[White "Latifah, Laysa"]
[Black "Theofilus, Kevin"]
[Result "1-0"]
[WhiteElo "1897"]
[BlackElo "1135"]
[PlyCount "155"]
[EventDate "2022.01.12"]
[EventType "swiss"]
[EventRounds "9"]
[EventCountry "INA"]
[SourceTitle "CBM 206 Extra"]
[Source "ChessBase"]
[SourceDate "2022.03.31"]
[SourceVersion "1"]
[SourceVersionDate "2022.03.31"]
[SourceQuality "1"]

1. e4 c6 2. d4 d5 3. e5 Bf5 4. Nc3 e6 5. h4 h5 6. Be2 c5 7. Be3 Nc6 8. Nf3 Nh6 9. dxc5 Ng4 10. Bd4 a6 11. a3 Qc7 12. b4 Ngxe5 13. Nxe5 Nxe5 14. Na4 Nc6 15. c3 e5 16. Be3 Rd8 17. Bd3 Bg4 18. Qc2 Be7 19. f3 Be6 20. Bf2 Bf6 21. Nb6 e4 22. fxe4 dxe4 23. Bxe4 Qe5 24. 0-0 Qxc3 25. Qxc3 Bxc3 26. Rad1 Ke7 27. Nd5+ Bxd5 28. Bxd5 f6 29. Kh1 Rhe8 30. Bg3 Rd7 31. Bd6+ Kd8 32. Bf3 g6 33. Rd3 Re1 34. Rxe1 Bxe1 35. Bxc6 bxc6 36. g3 g5 37. Re3 Bd2 38. Rf3 gxh4 39. gxh4 Be1 40. Rxf6 Kc8 41. Rf4 Kb7 42. Re4 Bc3 43. Kg2 Rf7 44. Bf4 a5 45. bxa5 Ka6 46. Be3 Kxa5 47. Re6 Rf6 48. Re7 Ka6 49. Bf2 Rf5 50. Rc7 Rf6 51. Rc8 Kb7 52. Rg8 Rf7 53. Rg5 Rh7 54. Kf3 Rf7+ 55. Ke2 Bb2 56. Rxh5 Bxa3 57. Bd4 Rf4 58. Kd3 Ka6 59. Rh7 Rf5 60. Kc4 Rf4 61. Kc3 Rf3+ 62. Kc4 Rf4 63. Rc7 Rxh4 64. Rxc6+ Kb7 65. Rb6+ Kc7 66. Kd5 Rh5+ 67. Kc4 Bc1 68. Kb5 Rd5 69. Bf2 Bf4 70. Rf6 Be5 71. Rf7+ Rd7 72. Rf5 Bh2 73. Be1 Re7 74. Ba5+ Kb7 75. c6+ Ka7 76. Bb6+ Ka8 77. Rf8+ Bb8 78. c7 1-0